| 000 | 00564cam a2200193 4500500 | ||
|---|---|---|---|
| 005 | 20260405003323.0 | ||
| 041 | _afre | ||
| 042 | _adc | ||
| 100 | 1 | 0 |
_aLarmagnac-Matheron, Octave _eauthor |
| 245 | 0 | 0 | _aUn coup de pouce en plus |
| 260 | _c2021. | ||
| 500 | _a67 | ||
| 690 | _aDesign | ||
| 690 | _aDoigt | ||
| 690 | _aPaul Valéry | ||
| 690 | _aProthèse | ||
| 786 | 0 | _nPhilosophie magazine | 151 | 8 | 2021-07-01 | p. 10-10 | 1951-1787 | |
| 856 | 4 | 1 | _uhttps://shs.cairn.info/magazine-philosophie-magazine-2021-6-page-10?lang=fr&redirect-ssocas=7080 |
| 999 |
_c2066482 _d2066482 |
||